Datum a čas kvízu
33.5
Celkem bodů
Celkový počet nahraných bodů na tomto kvízu bez doplňovacích otázek.
2.
Pořadí na kvízu
Konečné umístění týmu na tomto kvízu.
Zaznamenané odpovědi
| # | Otázka | Odpověď | Body | Výsledky |
|---|---|---|---|---|
| 1. | Jak se jmenuje kandidát na úst... | Pavel Simon | 1 | |
| 2. | Paprička jisté odrůdy existuje... | Pepper X | 0 | |
| 3. | Ve čtvrtek mělo premiéru ameri... | Martin Scorcese | 1 | |
| 4. | Nápojářský gigant Kofola bude... | v Kolumbii | 0 | |
| 5. | O víkendu padl v české nejvyšš... | Zlín, Mladá Boleslav | 1 | |
| 6. | V tomto tématu zabrousíme do č... | Ilja Racek | 1 | |
| 7. | Drama Nabarvené ptáče z roku 2... | Václav Marhoul | 1 | |
| 8. | V roce 2022 přišel do kin film... | jak se mám | 1 | |
| 9. | Pod českoněmecký film Pták ohn... | Václav Vorlíček, Miloš Macourek | 1 | |
| 10. | Ptakopysk sice není pták, ale... | Nejistá sezona | 1 |